[Event "Vandoeuvre op"]
[Site "Vandoeuvre"]
[Date "2004.??.??"]
[Round "1"]
[White "Zarba, Calogero"]
[Black "Steil Antoni, Fiona"]
[Result "0-1"]
[WhiteElo "1499"]
[BlackElo "1870"]
[PlyCount "110"]
[EventDate "2004.12.26"]
[EventType "swiss"]
[EventRounds "9"]
[EventCountry "FRA"]
[SourceTitle "CBM 104 Extra"]
[Source "ChessBase"]
[SourceDate "2005.03.01"]
[SourceVersion "1"]
[SourceVersionDate "2005.03.01"]
[SourceQuality "1"]

1. d4 d5 2. c4 e6 3. Nc3 Nf6 4. Bg5 Be7 5. e3 0-0 6. Nf3 h6 7. Bh4 b6 8. Bd3 Bb7 9. 0-0 Nbd7 10. Qe2 Re8 11. Rac1 Ne4 12. Bxe7 Rxe7 13. Rfd1 Ndf6 14. a3 Rc8 15. cxd5 Nxc3 16. Rxc3 Nxd5 17. Rc2 c6 18. Rdc1 Rec7 19. Ba6 Bxa6 20. Qxa6 Qe7 21. h3 c5 22. Qb5 cxd4 23. Nxd4 Rxc2 24. Rxc2 Rxc2 25. Nxc2 Qc7 26. Nd4 Qc1+ 27. Kh2 Nf6 28. Qe2 g6 29. Qc2 Qxc2 30. Nxc2 Ne4 31. Kg1 Kf8 32. Nb4 Nd2 33. Nd3 Ke7 34. f3 Kd6 35. Kf2 Nc4 36. a4 e5 37. e4 f6 38. Ke2 Kc6 39. g3 b5 40. axb5+ Kxb5 41. Kd1 Nd6 42. b3 Nf7 43. h4 Nd8 44. f4 exf4 45. Nxf4 Kc5 46. e5 fxe5 47. Nxg6 Kd4 48. Kd2 Ne6 49. g4 e4 50. Ne7 e3+ 51. Ke1 Kd3 52. Nf5 Nf4 53. g5 Ng2+ 54. Kf1 e2+ 55. Kxg2 e1Q 0-1